000 00774nam a22002055a 4500
003 CO-ViMGA
005 20230915233133.0
008 150624s g 000 0dspa d
020 _a9789588869216
040 _aCO-ViMGA
_bspa
_cCO-ViMGA
082 0 4 _a342.86107
_bM24r
245 1 0 _aRegimen juridico de las elecciones en Colombia
_cGuillermo Mejia Mejia
250 _aEdicion especial para El Ministerio de Cultura, Biblioteca Nacional de Colombia
260 _aMedellin
_bEdiciones Unaula
_c2015
300 _a349 pg̀inas
_c24 cm
650 1 4 _2LEMB
_aElecciones
_xLegislacion
_zColombia
_92935
650 1 4 _2LEMB
_aPartidos politicos
_xFinanciacion
_xLegislacion
_zColombia
_924618
650 1 4 _2LEMB
_aPartidos politicos
_xLegislacion
_zColombia
_924617
942 _2ddc
_cBK
999 _c4075
_d4075